000 00534nam a2200205 4500
999 _c12893
_d12893
003 PK-NaQUE
005 20260326102837.0
008 260326b ||||| |||| 00| 0 eng d
020 _a0810400413
020 _a978-0810400412
040 _cQUEST
082 _a621.381WIL
100 _aValkenburg, Van
245 _aElectronics: vol. 1
260 _aLahore:
_bSarhat Printing,
_c1979.
300 _a140p. ;
650 _aElectronics
856 _uhttp://10.10.170.122:8080/browse/book/29405
_yDownload eBook
942 _cBK
_2ddc